COMPREHENSIVE MALAY DICTIONARY : (Record no. 2301)

000 -LEADER
fixed length control field nam a22 a 4500
003 - CONTROL NUMBER IDENTIFIER
control field AKMAL
005 - DATE AND TIME OF LATEST TRANSACTION
control field 20170516091619.0
008 - FIXED-LENGTH DATA ELEMENTS--GENERAL INFORMATION
fixed length control field 170516r2000 my g d 000 0 eng d
020 ## - INTERNATIONAL STANDARD BOOK NUMBER
International Standard Book Number 9679787508
Qualifying information paperback
Terms of availability RM19.90
020 ## - INTERNATIONAL STANDARD BOOK NUMBER
International Standard Book Number 9789679787504
Qualifying information paperback
040 ## - CATALOGING SOURCE
Original cataloging agency AKMAL
Transcribing agency AKMAL
082 04 - DEWEY DECIMAL CLASSIFICATION NUMBER
Classification number 413 COM
Edition number 21
090 00 - LOCALLY ASSIGNED LC-TYPE CALL NUMBER (OCLC); LOCAL CALL NUMBER (RLIN)
Classification number (OCLC) (R) ; Classification number, CALL (RLIN) (NR) 413
Local cutter number (OCLC) ; Book number/undivided call number, CALL (RLIN) COM
245 00 - TITLE STATEMENT
Title COMPREHENSIVE MALAY DICTIONARY :
Remainder of title English-Malay, Malay-English
264 #1 - PRODUCTION, PUBLICATION, DISTRIBUTION, MANUFACTURE, AND COPYRIGHT NOTICE
Place of production, publication, distribution, manufacture Petaling Jaya, Selangor :
Name of producer, publisher, distributor, manufacturer Pelanduk Publications (M),
Date of production, publication, distribution, manufacture, or copyright notice 2000
300 00 - PHYSICAL DESCRIPTION
Extent 518 pages ;
Dimensions 22 cm
650 10 - SUBJECT ADDED ENTRY--TOPICAL TERM
Topical term or geographic name entry element English language
Form subdivision Dictionaries
General subdivision Malay
9 (RLIN) 345
650 20 - SUBJECT ADDED ENTRY--TOPICAL TERM
Topical term or geographic name entry element Malay language
Form subdivision Dictionaries
General subdivision English
9 (RLIN) 346
942 ## - ADDED ENTRY ELEMENTS (KOHA)
Source of classification or shelving scheme
Koha item type Book
Holdings
Withdrawn status Lost status Source of classification or shelving scheme Damaged status Not for loan Collection code Home library Current library Shelving location Date acquired Inventory number Total Checkouts Full call number Barcode Date last seen Price effective from Koha item type
          NON-FICTION AKMAL Melaka AKMAL Melaka PINJAMAN 16.05.2017 400340   413 COM 201706562 16.05.2017 16.05.2017 Book
Pusat Sumber Maklumat Dato' Haji Sarmin Md Hussin, Akademi Kastam Diraja Malaysia, Melaka
Tel: 06-2331106 | Faks: 06-2313787